000 01077nam a2200301 a 4500
001 000031159
003 DO-SdBNP
005 20150413143652.0
007 000031159
008 110614s2008 dr c 000 | spa d
040 _aBPMET
_bspa
_cBPMET
092 _axxx
_bI598f
110 _4Secretaria de Estado de Educación
_bDepartamento de Educación Ambiental (República Dominicana)
245 0 0 _aInstructivo para la formación de Comités Ambientales /
_cVinicio Beltré ... [et. al.].
250 _a2a. ed.
260 _aSanto Domingo :
_bAmigo del Hogar,
_c2008.
300 _a20 p. :
_bretrs. ;
_c23 cm.
700 1 _aBeltré, Vinicio
700 1 _aGarcía D., Adriano E.
700 1 _aSuero, Joaquín
700 1 _aGenao Díaz, Lesbia María
710 1 _aSecretaría de Estado de Educación.
_bDepartamento de Educación Ambiental
930 1 _lBND01
_mLF1
_820110617
_f01
_pCT
_g26049
_he. 3
942 _2ddc
_cBK
956 _aGREYES
_b10
_c20110614
_lBND01
_h0948
956 _aWMENDOZA
_b10
_c20110616
_lBND01
_h1552
956 _aVMATEO
_b10
_c20150413
_lBND01
_h00151
999 _c7624
_d7624